00709nam a2200205Ia 4500003000400000005001700004008004100021020001800062040001800080041000800098082002100106100002400127245014100151250001200292260003800304300002900342650003500371650003400406650006300440OSt20240429103019.0210716s2000 xx 000 0 und d a9780446508940 cAIMIT LIBRARY aeng a374.22 21bKIYR aKiyosaki, Robert T. aRich dads guide to investing: bwhat the rich invest in that the poor and middle class do not /cBy Robert T Kiyosaki, Sharon L Lechter. a1st ed. aNew York :bBusiness Plus ,c2000 axiv,513p. ;bPBc17.2 cm aPouring a foundation of wealth aWhat kind of world do you see aAre you planning to be rich or are you planning to be poor